Kỹ thuật sản xuất cá chép giống

שמור ב:
מידע ביבליוגרפי
מחבר ראשי: Trần Quang Hưng
פורמט: ספר
שפה:Undetermined
יצא לאור: Hà Nội Nông Thôn 1974
נושאים:
תגים: הוספת תג
אין תגיות, היה/י הראשונ/ה לתייג את הרשומה!
Thư viện lưu trữ: Trung tâm Học liệu Trường Đại học Cần Thơ
LEADER 00481nam a2200169Ia 4500
001 CTU_46448
008 210402s9999 xx 000 0 und d
082 |a 639.31 
082 |b H556 
100 |a Trần Quang Hưng 
245 0 |a Kỹ thuật sản xuất cá chép giống 
245 0 |c Trần Quang Hưng 
260 |a Hà Nội 
260 |b Nông Thôn 
260 |c 1974 
650 |a fish-culture 
980 |a Trung tâm Học liệu Trường Đại học Cần Thơ